| 000 | 00980nas a2200313 4500 | ||
|---|---|---|---|
| 001 | BR2015001923 | ||
| 003 | BR-BrBNA | ||
| 005 | 20231205125216.0 | ||
| 007 | ta | ||
| 008 | 230509b bl.|||p| |||| 00| 00por d | ||
| 040 |
_aBR-BrBNA _bpor _cBiblioteca Nacional de Agricultura |
||
| 041 | _a(En) | ||
| 072 | _aL73 | ||
| 100 | 1 | _aReis, A.C.M. | |
| 100 | 1 | _aSilva, J.O. | |
| 100 | 1 | _aLaranjeira, B.J. | |
| 100 | 1 | _aPinheiro, A.Q. | |
| 100 | 1 | _aCarvalho, C.B.M. | |
| 245 | 1 | _aVirulence factors and biofilm production by isolates of Bacteroides fragilis recovered from dog intestinal tracts | |
| 650 | _aCAO | ||
| 650 | _aPATOGENICIDADE | ||
| 650 | _aDOENCA ANIMAL | ||
| 650 | _aBIOFILME | ||
| 650 | _aINTESTINO | ||
| 773 | 0 |
_tBrazilian Journal of Microbiology (Brazil) _xISSN 1517-8382 _g(Apr-Jun 2014), v. 45(2) p. 647-650 _wBR2015001923 |
|
| 856 | 4 | 0 | _uhttp://www.scielo.br/pdf/bjm/v45n2/37.pdf |
| 909 |
_a202311 _bLúcia _c55 _dLúcia Elande |
||
| 942 |
_2AGRIS _n0 _cANA |
||
| 999 |
_c243223 _d243223 |
||